Mariano Marcos State University

University Library System

Thermal analysis of Nanguyudan red clay of Ilocos Norte Philippines using thermogravimetric (TGA) and different thermal analysis (DTA) (Record no. 9806)

MARC details
000 -LEADER
fixed length control field 00644nam a22001697a 4500
003 - CONTROL NUMBER IDENTIFIER
control field OSt
005 - DATE AND TIME OF LATEST TRANSACTION
control field 20171010095528.0
008 - FIXED-LENGTH DATA ELEMENTS--GENERAL INFORMATION
fixed length control field 121004t xxu||||| |||| 00| 0 eng d
040 ## - CATALOGING SOURCE
Original cataloging agency MMSU
Transcribing agency ULS
100 ## - MAIN ENTRY--PERSONAL NAME
Personal name Barroga, Jennifer S.
9 (RLIN) 13125
245 ## - TITLE STATEMENT
Title Thermal analysis of Nanguyudan red clay of Ilocos Norte Philippines using thermogravimetric (TGA) and different thermal analysis (DTA)
Statement of responsibility, etc. Jennifer S. Barroga
260 ## - PUBLICATION, DISTRIBUTION, ETC.
Date of publication, distribution, etc. 2008
300 ## - PHYSICAL DESCRIPTION
Extent viii, 40 leaves
Dimensions 28 cm.
500 ## - GENERAL NOTE
General note Thesis (BS Ceramic Engineering) -- Mariano Marcos State University-College of Engineering, Batac City
504 ## - BIBLIOGRAPHY, ETC. NOTE
Bibliography, etc. note Bibliography: leaf 26
942 ## - ADDED ENTRY ELEMENTS (KOHA)
Source of classification or shelving scheme
Koha item type Thesis/Dissertation
Holdings
Withdrawn status Lost status Source of classification or shelving scheme Damaged status Not for loan Home library Current library Date acquired Total Checkouts Barcode Date last seen Price effective from Koha item type Public note
          REF REF 10/04/2012   3520-Un 10/10/2017 10/10/2017 Thesis/Dissertation Library Use only

© 2023 Mariano Marcos State University. All Rights Reserved.

Powered by Koha